000 00551nam a2200169 4500
999 _c510466
_d510466
008 190818b ||||| |||| 00| 0 eng d
100 _aRegilme, Salvador Santino F
_98523
245 _aThe global politics of human rights: From human rights to human dignity?
260 _c2019
300 _ap.279-290.
650 _aHuman rights - United States
_98524
650 _aHuman rights - China
_98525
650 _aHuman rights - European Union
_98526
773 _aInternational Political Science Review
906 _aHuman rights
942 _2ddc
_cAR